000 01233nam a22002777a 4500
001 BD-DhSAU 9032
003 BD-DhSAU
005 20190102105127.0
008 150612b201 b a||||r|||| 000 0 eng d
040 _aBD-DhSAU
082 _222
_a634.99
_bIs41
100 _aIslam , S.K Monirul
_4Registration No.# 16-07573
245 _aAgricultural adaptation strategies due to Climate change in Shayamnagar Upazila of Satkhira District /
_cIslam , S.K Monirul
260 _aSher-e- Bangla Agricultural University :
_bDepartment of Agroforestry and Environmental Science,
_c2017,
300 _ax, 72 p. :
_bill. ,
_c30 cm.
500 _aMS thesis , Department of Agroforestry and Enviornmental Science , Faculty of Agriculture, Sher-e-Bangla Agricultural University, Dhaka, Bangladesh
504 _aIncludes bibliographical reference.
590 _aShofi
650 _aAgroforestry and Enviornmental Science
650 _aAgricultural adaptation
650 _aClimate change
_zShayamnagar Upazila ,Satkhira District
700 _aNaher ,Nazmun
_eSupervisor
700 _aHossain , Md. Kausar
_eCo-Supervisor
856 _uhttp://archive.saulibrary.edu.bd:8080/xmlui/handle/123456789/2055
_yOnline Access
942 _2ddc
_cTHESIS
999 _c14534
_d14533